Normal view
MARC view
Entry Corporate Name
001 - CONTROL NUMBER
- control field: 543
003 - CONTROL NUMBER IDENTIFIER
- control field: ARRUPE
005 - DATE AND TIME OF LATEST TRANSACTION
- control field: 20130918131927.0
008 - FIXED-LENGTH DATA ELEMENTS
- fixed length control field: 130918|| aca||aabn | a|a d
040 ## - CATALOGING SOURCE
- Original cataloging agency: ARRUPE
- Transcribing agency: ARRUPE
110 ## - HEADING--CORPORATE NAME
- Corporate name or jurisdiction name as entry element: Center of Concern (Washington, D.C.)
670 ## - SOURCE DATA FOUND
- Source citation: Work cat.: (ARRUPE)0: McLaughlin, Martin Michael. 539, World food security :, c2002.